History of Ontario - Statistics

General Stats
  • This quiz has been taken 45 times
  • The average score is 7 of 13
Answer Stats
Question Answer % Correct
What is the capital city of the province? Toronto
97%
What is the capital of Canada that is also in Ontario? Ottawa
95%
Who is best selling Canadian born singer ever? Justin Bieber
85%
What international airport is named for a former PM? Lester B Pearson Airport
79%
What year did Ontario join the confederacy of Canada? 1867
69%
How many Prime Ministers were born in Ontario? 7
67%
What was the province called prior to being named Ontario? Upper Canada
56%
What is the series of major highways called? 400 series
46%
Who was the first Premier of the province? John MacDonald
44%
Who are the men that discovered insulin? Frederick Banting
38%
Who are the men that discovered insulin? Charles Best
15%
5 members of this family were murdered by a mob in the township of Lucan Biddulph in the year 1880. The Donnellys
10%
Who are the men that discovered insulin? John James Rickard Macleod
8%
No matching quizzes found
Score Distribution
Percent of People with Each Score
Percentile by Number Answered
Your Score History
You have not taken this quiz